Tarjīʻ al-aṭyār bi-muraqqiṣ al-ashʻār /
محفوظ في:
المؤلف الرئيسي:
مؤلفون آخرون: ,
التنسيق: كتاب
اللغة: Arabic
منشور في:
[Cairo] :
Dār Iḥyāʼ al-Kutub a-ʻArabīyah,
[1369 i.e. 1949].
الموضوعات:
الوسوم: إضافة وسم
لا توجد وسوم, كن أول من يضع وسما على هذه التسجيلة!
رقم الطلب: PJ7814 .N6 T3 1949
| LEADER | 01725nam a2200241Ia 4500 | ||
|---|---|---|---|
| 003 | OSt | ||
| 005 | 20231126110834.0 | ||
| 008 | 130303s1949 ua 000 0 ara d | ||
| 952 | |0 0 |1 0 |2 lcc |4 0 |6 PJ7814 N6 T3 01949 |7 1 |9 57122 |a ARCE |b ARCE |d 2023-11-26 |l 0 |o PJ7814 .N6 T3 1949 |p 1023128 |r 2023-11-26 00:00:00 |w 2023-11-26 |y BK | ||
| 999 | |c 30016 |d 30016 | ||
| 040 | |c ARCE Library | ||
| 050 | 4 | |a PJ7814 .N6 T3 1949 | |
| 100 | 1 | |6 880-01 |a Ānisī, ʻAbd al-Raḥmān ibn Yaḥyá, |d 1754 or 1755-1834 or 1835, |e author | |
| 245 | 1 | 0 | |6 880-02 |a Tarjīʻ al-aṭyār bi-muraqqiṣ al-ashʻār / |c ḍabaṭahu wa- ʻallaqa ʻalayhi ʻAbd al-Raḥmān ibn Yaḥyá al-Aryānī al-Yaḥṣabī wa-ʻAbd Allāh ʻAbd al-Ilāh al-Aghbarī al-Fāʼishī ; ashrafa ʻalá taṣḥīḥihi ʻinda al- ṭabʻ ʻAbd Allāh ibn ʻAbd al-Karīm al-Jarāfī al-yamanī. |
| 264 | 1 | |a [Cairo] : |b Dār Iḥyāʼ al-Kutub a-ʻArabīyah, |c [1369 i.e. 1949]. | |
| 300 | |a 448 pages ; |c 24 cm. | ||
| 650 | 0 | |a Arabic literature |x Collections. | |
| 700 | 1 | |a Aghbarī, ʻAbd Allāh ʻAbd al-Ilāh. |9 24855 | |
| 700 | 1 | |a Iryānī, ʻAbd al-Raḥmān ibn Yaḥyá. |9 32922 | |
| 880 | 1 | |6 100-01/(3/r |a آنسي، عبد الرحمن بن يحيى، |d 1754 أو 1755-1834 أو 1835. | |
| 880 | 1 | 0 | |6 245-02/(3/r |a ترجيع الأطيار بمرقص الأشعار |c لعبد الرحمن بن يحيى الآنسي الصنعاني ؛ ضبطه و علق عليه عبد الرحمن بن يحيى الأرياني اليحصبي، وعبد الله عبد الآله الأغبري الفائشي. |
| 901 | |a reviewed | ||
| 942 | |c BK |2 lcc | ||
